000 01260nam a2200337 a 4500
001 000112097
003 CHAP
005 20220329144246.0
008 151203s2015 mx a |sm |||||||spa d
010 _a108558
011 _a109530
040 _cCHAP
090 _aTesis
100 1 _aAparicio Carreño, Joel Abisai
_9130201
245 1 0 _aAnálisis de una manifestación de impacto ambiental de un proyecto hidroagrícola en Cuatrociénegas, Coahuila
_h[En línea]
_cpor Joel Abisai Aparacio Carreño.
260 _aChapingo, Méx. :
_bEl autor,
_c2015.
500 _aPara ver el contenido del material haga clic en la liga
502 _aTesis (Ingeniero en Recursos Naturales Renovables) -- UACH. Departamento de Suelos
590 _aBATCH
_b00
_c20181121
_lUCH01
_h0758
590 _aE5652GLJ
_b05
_c20151203
_lUCH01
_h1021
590 _aE5652GLJ
_b05
_c20151203
_lUCH01
_h1021
650 1 4 _aAgua
_xAprovechamiento
_xCoahula.
_92313
650 1 4 _aImpacto ambiental
_xAnálisis.
_9125179
650 1 4 _aIrrigación
_xCoahuila.
_960387
650 1 4 _aMedio ambiente
_xProtección
_zCoahuila.
_9130218
856 _a1
_n0000414
856 _aFinding aid
_uhttp://10.13.5.2/tesis/sist112097.pdf
_zTeclea aquí
901 _aBK
942 _cTESIS
942 _n0
999 _c108558
_d108558